[Event "HUN-chT2 Asztalos 1617"]
[Site "Hungary"]
[Date "2017.02.26"]
[Round "9.1"]
[White "Link, Ulrich"]
[Black "Paszler, Jozsef"]
[Result "1-0"]
[WhiteElo "2101"]
[BlackElo "2178"]
[PlyCount "53"]
[EventDate "2016.09.25"]
[EventType "team-tourn"]
[EventRounds "11"]
[EventCountry "HUN"]
[SourceTitle "EXT 2021"]
[Source "ChessBase"]
[SourceDate "2020.10.23"]
[SourceVersion "1"]
[SourceVersionDate "2020.10.23"]
[SourceQuality "1"]
[WhiteTeam "Marcali"]
[BlackTeam "Decs 1990 II"]
[WhiteTeamCountry "HUN"]
[BlackTeamCountry "HUN"]

1. d4 Nf6 2. Nc3 g6 3. e4 d6 4. Be2 c6 5. a4 Bg7 6. Be3 0-0 7. Qd2 Nbd7 8. h4 e5 9. h5 Qe7 10. hxg6 fxg6 11. d5 Nc5 12. Bxc5 dxc5 13. Bc4 cxd5 14. Nxd5 Nxd5 15. Ra3 Be6 16. exd5 Bf7 17. Rah3 h5 18. g4 e4 19. gxh5 g5 20. Rg3 Bf6 21. Nh3 Kh8 22. Nxg5 e3 23. Rxe3 Bxg5 24. Rxe7 Bxd2+ 25. Kxd2 Rad8 26. Kc3 Bxd5 27. Rd1 1-0

[Event "Regionalliga SW 1617"]
[Site "Bayern"]
[Date "2016.10.16"]
[Round "1.4"]
[White "Link, Ulrich"]
[Black "Boehm, Uwe"]
[Result "1/2-1/2"]
[WhiteElo "1978"]
[BlackElo "1956"]
[PlyCount "29"]
[EventDate "2016.10.16"]
[EventType "team-tourn"]
[EventRounds "9"]
[EventCountry "GER"]
[SourceTitle "EXT 2019"]
[Source "ChessBase"]
[SourceDate "2018.10.10"]
[SourceVersion "1"]
[SourceVersionDate "2018.10.10"]
[SourceQuality "1"]
[WhiteTeam "Krumbach"]
[BlackTeam "Muenchen 36 II"]
[WhiteTeamCountry "GER"]
[BlackTeamCountry "GER"]

1. d4 e6 2. Nc3 d5 3. e4 Nf6 4. exd5 exd5 5. Bd3 c5 6. Bg5 c4 7. Be2 Be7 8. Bf3 Be6 9. Nge2 h6 10. Bxf6 Bxf6 11. Nf4 Nc6 12. Bxd5 Bxd5 13. Nfxd5 Nxd4 14. 0-0 0-0 15. Re1 1/2-1/2

[Event "Regionalliga SW 1516"]
[Site "Bayern"]
[Date "2016.02.21"]
[Round "7.6"]
[White "Motl, Martin"]
[Black "Link, Ulrich"]
[Result "1-0"]
[WhiteElo "2174"]
[BlackElo "1978"]
[PlyCount "44"]
[EventDate "2015.10.11"]
[EventType "team-tourn"]
[EventRounds "9"]
[EventCountry "GER"]
[SourceTitle "EXT 2018"]
[Source "ChessBase"]
[SourceDate "2017.10.13"]
[SourceVersion "1"]
[SourceVersionDate "2017.10.13"]
[SourceQuality "1"]
[WhiteTeam "MSA Zugzwang II"]
[BlackTeam "Krumbach"]
[WhiteTeamCountry "GER"]
[BlackTeamCountry "GER"]

1. d4 d5 2. Nf3 Nf6 3. c4 e6 4. g3 c5 5. cxd5 Nxd5 6. dxc5 Bxc5 7. Bg2 Nc6 8. 0-0 Bd7 9. a3 Be7 10. b4 Bf6 11. Ra2 a6 12. Qb3 Qc7 13. Rc2 Rc8 14. Nbd2 Ke7 15. e4 Nb6 16. a4 Qd8 17. b5 Na5 18. Rxc8 Nxc8 19. Qd3 Kf8 20. Ba3+ Kg8 21. Rd1 Be8 22. Qc2 Qb6 1-0

[Event "Regionalliga SW 1516"]
[Site "Bayern"]
[Date "2015.11.15"]
[Round "3.6"]
[White "Link, Ulrich"]
[Black "Behling, Robert"]
[Result "1/2-1/2"]
[WhiteElo "1978"]
[BlackElo "2056"]
[PlyCount "43"]
[EventDate "2015.10.11"]
[EventType "team-tourn"]
[EventRounds "9"]
[EventCountry "GER"]
[SourceTitle "EXT 2018"]
[Source "ChessBase"]
[SourceDate "2017.10.13"]
[SourceVersion "1"]
[SourceVersionDate "2017.10.13"]
[SourceQuality "1"]
[WhiteTeam "Krumbach"]
[BlackTeam "Haunstetten"]
[WhiteTeamCountry "GER"]
[BlackTeamCountry "GER"]

1. d4 Nf6 2. Nf3 g6 3. Nbd2 c5 4. dxc5 Qa5 5. a3 Qxc5 6. b4 Qc7 7. Bb2 Bg7 8. e3 0-0 9. Be2 b6 10. 0-0 Bb7 11. c4 d6 12. Ra2 Nbd7 13. Qa1 e5 14. Rc1 Rfe8 15. Qb1 a5 16. Bc3 axb4 17. axb4 Rxa2 18. Qxa2 Ra8 19. Qb2 Ne4 20. Nxe4 Bxe4 21. Nd2 Bb7 22. Ra1 1/2-1/2

[Event "Regionalliga SW 1516"]
[Site "Bayern"]
[Date "2015.10.25"]
[Round "2.6"]
[White "Wuerdinger, Alexander"]
[Black "Link, Ulrich"]
[Result "1-0"]
[WhiteElo "2024"]
[BlackElo "1978"]
[PlyCount "67"]
[EventDate "2015.10.11"]
[EventType "team-tourn"]
[EventRounds "9"]
[EventCountry "GER"]
[SourceTitle "EXT 2018"]
[Source "ChessBase"]
[SourceDate "2017.10.13"]
[SourceVersion "1"]
[SourceVersionDate "2017.10.13"]
[SourceQuality "1"]
[WhiteTeam "Haar"]
[BlackTeam "Krumbach"]
[WhiteTeamCountry "GER"]
[BlackTeamCountry "GER"]

1. d4 d5 2. Nc3 Bf5 3. Bg5 h6 4. Bh4 c6 5. e3 Qb6 6. Na4 Qa5+ 7. c3 e5 8. a3 Qc7 9. Nf3 Nd7 10. Bg3 Bd6 11. dxe5 Nxe5 12. Nxe5 Bxe5 13. Bd3 Ne7 14. Nc5 Bxg3 15. hxg3 0-0 16. Bxf5 Nxf5 17. g4 Ng3 18. fxg3 Qxg3+ 19. Kd2 b6 20. Nd3 Qxg2+ 21. Qe2 Qe4 22. Raf1 Qe7 23. Rh5 f6 24. Nf4 Rfe8 25. Qd3 Qd7 26. Qg6 Re5 27. Rxe5 fxe5 28. Nh5 Rf8 29. Nf6+ Rxf6 30. Rxf6 d4 31. Rd6 dxe3+ 32. Kxe3 Qc7 33. Qe8+ Kh7 34. Rd7 1-0

[Event "Landesliga Sued 1314"]
[Site "Bayern"]
[Date "2014.01.19"]
[Round "5.5"]
[White "Link, Ulrich"]
[Black "Bauer, Robert"]
[Result "0-1"]
[WhiteElo "2101"]
[BlackElo "2165"]
[PlyCount "110"]
[EventDate "2013.10.13"]
[EventType "team-tourn"]
[EventRounds "9"]
[EventCountry "GER"]
[SourceTitle "EXT 2015"]
[Source "ChessBase"]
[SourceDate "2014.11.20"]
[SourceVersion "1"]
[SourceVersionDate "2014.11.20"]
[SourceQuality "1"]
[WhiteTeam "Krumbach"]
[BlackTeam "Freising"]
[WhiteTeamCountry "GER"]
[BlackTeamCountry "GER"]

1. d4 e6 2. e4 d5 3. exd5 exd5 4. Bd3 Nf6 5. Ne2 c5 6. dxc5 Bxc5 7. 0-0 0-0 8. Nbc3 h6 9. Na4 Bd6 10. Bf4 Nc6 11. Qd2 Ne5 12. Rad1 Qc7 13. Nac3 a6 14. Be4 Nc4 15. Bxd6 Qxd6 16. Qd4 Nxe4 17. Nxe4 dxe4 18. Qxc4 Qe5 19. Qd4 Qb5 20. Ng3 f5 21. Nh5 Rf7 22. c4 Qe8 23. Qb6 Bd7 24. Rd6 Re7 25. Nf4 Bc6 26. Rfd1 Kh7 27. Qe3 Qf7 28. b3 Rae8 29. h4 Rd7 30. c5 Qe7 31. Qh3 Qe5 32. Qe3 Red8 33. Ng6 Rxd6 34. Nxe5 Rxd1+ 35. Kh2 R1d5 36. Qg3 Be8 37. Qf4 g6 38. h5 Rxc5 39. g4 Rdd5 40. hxg6+ Bxg6 41. Nxg6 Kxg6 42. gxf5+ Rxf5 43. Qxe4 Rce5 44. Qc2 Re6 45. Kg3 Ref6 46. f4 Kg7 47. Qc7+ Rf7 48. Qc3+ Kg6 49. Qd3 h5 50. Qe4 Kg7 51. Qd4+ Kh7 52. Qe4 Kg8 53. Qe8+ Kg7 54. Kh4 Rxf4+ 55. Kxh5 R7f5# 0-1

[Event "Landesliga Sued 1314"]
[Site "Bayern"]
[Date "2013.11.10"]
[Round "2.6"]
[White "Link, Ulrich"]
[Black "Knechtel, Roland"]
[Result "1/2-1/2"]
[WhiteElo "2101"]
[BlackElo "2216"]
[PlyCount "92"]
[EventDate "2013.10.13"]
[EventType "team-tourn"]
[EventRounds "9"]
[EventCountry "GER"]
[SourceTitle "EXT 2015"]
[Source "ChessBase"]
[SourceDate "2014.11.20"]
[SourceVersion "1"]
[SourceVersionDate "2014.11.20"]
[SourceQuality "1"]
[WhiteTeam "Krumbach"]
[BlackTeam "Roehrnbach"]
[WhiteTeamCountry "GER"]
[BlackTeamCountry "GER"]

1. Nf3 e6 2. d4 c5 3. e3 Nf6 4. Bd3 Qc7 5. 0-0 b6 6. b3 Bb7 7. Bb2 Be7 8. Re1 d6 9. dxc5 bxc5 10. e4 Nc6 11. Na3 0-0 12. Nb5 Qb6 13. a4 Rfd8 14. a5 Nxa5 15. e5 dxe5 16. Bxe5 Rac8 17. Nxa7 Ra8 18. Nb5 c4 19. bxc4 Nxc4 20. Rxa8 Bxa8 21. Bc7 Rxd3 22. cxd3 Qxb5 23. dxc4 Qxc4 24. Bd8 Bf8 25. Bxf6 gxf6 26. Qa1 Bxf3 27. gxf3 Qf4 28. Qd1 Bd6 29. h3 Qh2+ 30. Kf1 Bc5 31. Qc2 Qxh3+ 32. Ke2 Qh5 33. Rg1+ Kf8 34. Rg4 Qe5+ 35. Kf1 f5 36. Ra4 Bb6 37. Qb3 Qc5 38. Ra8+ Kg7 39. Qb2+ Qd4 40. Qc2 h5 41. Ra4 Qe5 42. Ra6 Qb5+ 43. Qe2 Qxe2+ 44. Kxe2 Bc7 45. Kf1 Kg6 46. Kg2 Be5 1/2-1/2

[Event "Landesliga Sued 1213"]
[Site "Bayern"]
[Date "2013.03.17"]
[Round "8.8"]
[White "Link, Ulrich"]
[Black "Sargin, Anatol"]
[Result "0-1"]
[WhiteElo "1949"]
[BlackElo "2126"]
[PlyCount "74"]
[EventDate "2012.10.14"]
[EventType "team-tourn"]
[EventRounds "9"]
[EventCountry "GER"]
[SourceTitle "EXT 2015"]
[Source "ChessBase"]
[SourceDate "2014.11.20"]
[SourceVersion "1"]
[SourceVersionDate "2014.11.20"]
[SourceQuality "1"]
[WhiteTeam "Krumbach"]
[BlackTeam "Unterhaching"]
[WhiteTeamCountry "GER"]
[BlackTeamCountry "GER"]

1. d4 d5 2. Nf3 e6 3. c4 f5 4. Bg5 Nf6 5. Ne5 Bd6 6. Nd2 h6 7. Ng6 hxg5 8. Nxh8 dxc4 9. e4 Bb4 10. Bxc4 Qxd4 11. Qa4+ Nc6 12. 0-0-0 Nxe4 13. Nxe4 Qxc4+ 14. Nc3 Bd7 15. Ng6 Qc5 16. Qb5 0-0-0 17. h4 Qxf2 18. Qe2 Qxe2 19. Nxe2 Be8 20. h5 Rxd1+ 21. Kxd1 Bxg6 22. hxg6 Bd6 23. g4 Be5 24. Rh8+ Kd7 25. Rf8 Ne7 26. Rf7 Ke8 27. gxf5 exf5 28. Kd2 f4 29. Nc3 Nxg6 30. Rf5 g4 31. Kd3 g3 32. Ke4 c6 33. Ne2 Bd6 34. Rg5 Kf7 35. Rf5+ Kg8 36. Rg5 Nf8 37. Nxf4 Bxf4 0-1

[Event "Regionalliga SW 1112"]
[Site "Bayern"]
[Date "2011.11.20"]
[Round "3.2"]
[White "Schulz, Michael2222"]
[Black "Link, Ulrich"]
[Result "1-0"]
[WhiteElo "2079"]
[BlackElo "2040"]
[PlyCount "37"]
[EventDate "2011.10.02"]
[EventType "team-tourn"]
[EventRounds "9"]
[EventCountry "GER"]
[SourceTitle "EXT 2013"]
[Source "ChessBase"]
[SourceDate "2012.11.22"]
[SourceVersion "1"]
[SourceVersionDate "2012.11.22"]
[SourceQuality "1"]
[WhiteTeam "Bayern Muenchen III"]
[BlackTeam "Krumbach II"]
[WhiteTeamCountry "GER"]
[BlackTeamCountry "GER"]

1. d4 e6 2. c4 Bb4+ 3. Nd2 d5 4. Qa4+ Nc6 5. Ngf3 dxc4 6. Qc2 b5 7. a4 Nxd4 8. Nxd4 Qxd4 9. e3 Qc5 10. b3 bxa4 11. bxc4 Bb7 12. Bd3 0-0-0 13. 0-0 Nf6 14. Ne4 Bxe4 15. Bxe4 Qe5 16. Qxa4 Bd6 17. Bb7+ Kxb7 18. Qa6+ Kb8 19. Rb1+ 1-0

[Event "BL2-Sued 0910"]
[Site "Germany"]
[Date "2010.02.28"]
[Round "7.7"]
[White "Zueger, Beat"]
[Black "Link, Ulrich"]
[Result "1-0"]
[WhiteElo "2436"]
[BlackElo "2215"]
[PlyCount "79"]
[EventDate "2009.10.18"]
[EventType "team-tourn"]
[EventRounds "9"]
[EventCountry "GER"]
[SourceTitle "EXT 2011"]
[Source "ChessBase"]
[SourceDate "2010.11.26"]
[SourceVersion "1"]
[SourceVersionDate "2010.11.26"]
[SourceQuality "1"]
[WhiteTeam "Schwegenheim"]
[BlackTeam "Krumbach"]
[WhiteTeamCountry "GER"]
[BlackTeamCountry "GER"]

1. c4 c6 2. Nf3 d5 3. e3 Nf6 4. Nc3 Bf5 5. cxd5 cxd5 6. Qb3 Qb6 7. Nxd5 Nxd5 8. Qxd5 e6 9. Qb5+ Nc6 10. Nd4 Be4 11. Nxc6 Bxc6 12. Qxb6 axb6 13. d4 e5 14. dxe5 Bb4+ 15. Bd2 Bxd2+ 16. Kxd2 Ke7 17. Bc4 b5 18. Bb3 Bxg2 19. Rhg1 Be4 20. Rxg7 Bg6 21. Rg1 Kf8 22. R1xg6 hxg6 23. Rxf7+ Ke8 24. Rxb7 Rxh2 25. Ke2 Ra5 26. Bd5 b4 27. e4 Rc5 28. e6 g5 29. Bb3 Re5 30. Ke3 g4 31. Bd5 Kd8 32. Kd4 Rhh5 33. Rxb4 Ke7 34. Rb7+ Kf6 35. Rf7+ Kg6 36. Rf4 Rhg5 37. a4 Kh5 38. a5 Kh4 39. a6 Kh3 40. a7 1-0

[Event "Regionalliga SW 0809"]
[Site "Bayern"]
[Date "2009.03.15"]
[Round "8.5"]
[White "Link, Ulrich"]
[Black "Mueller, Marcus"]
[Result "1-0"]
[WhiteElo "2112"]
[BlackElo "2093"]
[PlyCount "75"]
[EventDate "2008.10.05"]
[EventType "team-tourn"]
[EventRounds "9"]
[EventCountry "GER"]
[SourceTitle "EXT 2020"]
[Source "ChessBase"]
[SourceDate "2019.10.17"]
[SourceVersion "1"]
[SourceVersionDate "2019.10.17"]
[SourceQuality "1"]
[WhiteTeam "Krumbach II"]
[BlackTeam "Garching II"]
[WhiteTeamCountry "GER"]
[BlackTeamCountry "GER"]

1. d4 Nf6 2. Nf3 g6 3. Nbd2 d5 4. e3 Bg7 5. Bd3 0-0 6. b4 a5 7. b5 a4 8. 0-0 c5 9. bxc6 bxc6 10. Ba3 Ba6 11. Re1 Re8 12. Qe2 Nfd7 13. Rab1 e5 14. dxe5 Bxd3 15. cxd3 Nxe5 16. Nxe5 Bxe5 17. Nf3 Bd6 18. Qb2 Qe7 19. Bxd6 Qxd6 20. Rec1 Nd7 21. Qc3 c5 22. Qa3 Qa6 23. d4 c4 24. Rb2 Rab8 25. Rxb8 Rxb8 26. h4 h6 27. Re1 Nf6 28. Ne5 Qa5 29. Qc1 Rb6 30. e4 Nxe4 31. Nxc4 dxc4 32. Rxe4 Qd5 33. Qe3 c3 34. Re8+ Kg7 35. Qxc3 Rc6 36. Qa3 Qxd4 37. Qf8+ Kf6 38. Qh8+ 1-0

[Event "Regionalliga SW 0809"]
[Site "Bayern"]
[Date "2009.02.01"]
[Round "6.4"]
[White "Link, Ulrich"]
[Black "Tudosa, Daniel"]
[Result "1-0"]
[WhiteElo "2112"]
[BlackElo "2027"]
[PlyCount "65"]
[EventDate "2008.10.05"]
[EventType "team-tourn"]
[EventRounds "9"]
[EventCountry "GER"]
[SourceTitle "EXT 2020"]
[Source "ChessBase"]
[SourceDate "2019.10.17"]
[SourceVersion "1"]
[SourceVersionDate "2019.10.17"]
[SourceQuality "1"]
[WhiteTeam "Krumbach II"]
[BlackTeam "Tuerkheim"]
[WhiteTeamCountry "GER"]
[BlackTeamCountry "GER"]

1. d4 Nf6 2. Nf3 g6 3. Nbd2 Bg7 4. e4 d6 5. Bc4 0-0 6. 0-0 Nbd7 7. e5 Ng4 8. e6 Nb6 9. exf7+ Kh8 10. Bb3 d5 11. c4 c6 12. Qe2 e6 13. h4 Qc7 14. g3 Qxf7 15. c5 Nd7 16. Ng5 Qf5 17. Bd1 Nxf2 18. Nxe6 Qh3 19. Rxf2 Rxf2 20. Kxf2 Nf6 21. Nxg7 Ng4+ 22. Kf3 Qh1+ 23. Kf4 Kxg7 24. Qe7+ Kg8 25. Qe8+ Kg7 26. Bxg4 Bxg4 27. Qxa8 Qg1 28. Qxb7+ Kh6 29. Kxg4 Qxd4+ 30. Ne4+ g5 31. Qxc6+ Kg7 32. Qd7+ Kg8 33. Qe6+ 1-0

[Event "Regionalliga SW 0809"]
[Site "Bayern"]
[Date "2008.10.26"]
[Round "2.4"]
[White "Link, Ulrich"]
[Black "Kharitonov, Alexander"]
[Result "0-1"]
[WhiteElo "2112"]
[BlackElo "2187"]
[PlyCount "80"]
[EventDate "2008.10.05"]
[EventType "team-tourn"]
[EventRounds "9"]
[EventCountry "GER"]
[SourceTitle "EXT 2020"]
[Source "ChessBase"]
[SourceDate "2019.10.17"]
[SourceVersion "1"]
[SourceVersionDate "2019.10.17"]
[SourceQuality "1"]
[WhiteTeam "Krumbach II"]
[BlackTeam "Muenchen Tarrasch II"]
[WhiteTeamCountry "GER"]
[BlackTeamCountry "GER"]

1. d4 Nf6 2. Nf3 c5 3. d5 e6 4. Nc3 Qa5 5. Bd2 Qb6 6. e4 d6 7. Bb5+ Nbd7 8. dxe6 fxe6 9. Qe2 Be7 10. Na4 Qd8 11. Ng5 a6 12. Nxe6 axb5 13. Nxd8 Rxa4 14. f3 Bxd8 15. Qxb5 Ra6 16. Qb3 Ne5 17. Bc3 Rb6 18. Qa3 Be7 19. b3 0-0 20. Qb2 Nfd7 21. 0-0 Bg5 22. Rae1 Rf7 23. b4 Bf6 24. b5 Nf8 25. a4 Be6 26. Qa1 Bc4 27. Rf2 Ne6 28. Ba5 Nd7 29. c3 Nf4 30. Bxb6 Nxb6 31. Rd2 d5 32. e5 Bg5 33. e6 Re7 34. a5 Nc8 35. a6 bxa6 36. bxa6 Nh3+ 37. gxh3 Bxd2 38. Rb1 Be3+ 39. Kh1 Be2 40. h4 Bxf3# 0-1

[Event "Regionalliga SW 0809"]
[Site "Bayern"]
[Date "2008.10.05"]
[Round "1.6"]
[White "Demel, Paul"]
[Black "Link, Ulrich"]
[Result "0-1"]
[WhiteElo "2053"]
[BlackElo "2112"]
[PlyCount "134"]
[EventDate "2008.10.05"]
[EventType "team-tourn"]
[EventRounds "9"]
[EventCountry "GER"]
[SourceTitle "EXT 2020"]
[Source "ChessBase"]
[SourceDate "2019.10.17"]
[SourceVersion "1"]
[SourceVersionDate "2019.10.17"]
[SourceQuality "1"]
[WhiteTeam "Kriegshaber"]
[BlackTeam "Krumbach II"]
[WhiteTeamCountry "GER"]
[BlackTeamCountry "GER"]

1. Nf3 Nf6 2. c4 c6 3. Nc3 d5 4. d4 e6 5. Bg5 Nbd7 6. e3 Be7 7. Rc1 0-0 8. Bd3 dxc4 9. Bxc4 Nd5 10. Bxe7 Qxe7 11. 0-0 Nxc3 12. Rxc3 e5 13. Bb3 exd4 14. exd4 Nf6 15. Re3 Qd6 16. Qd3 Ng4 17. Re2 Be6 18. Bxe6 fxe6 19. g3 Qd5 20. Qe4 Qxe4 21. Rxe4 Rxf3 22. Rxg4 Rd8 23. Re1 Kf7 24. Rge4 Rd6 25. R1e3 Rf5 26. Rb3 Rd7 27. Re5 Kf6 28. f4 Rxd4 29. Rxf5+ exf5 30. Rxb7 Rd1+ 31. Kg2 Rd2+ 32. Kg1 Rd1+ 33. Kg2 Rd2+ 34. Kg1 a5 35. Rb6 Rc2 36. a3 a4 37. Ra6 Ke6 38. Rxa4 Rxb2 39. Ra7 Kd5 40. Rxg7 Ke4 41. Re7+ Kf3 42. Re1 Rg2+ 43. Kh1 Ra2 44. Rf1+ Kg4 45. Rc1 Kh3 46. Kg1 Rg2+ 47. Kf1 Rxh2 48. Rc3 Kg4 49. Kg1 Ra2 50. Kf1 h5 51. Kg1 c5 52. Kf1 c4 53. Kg1 Rb2 54. Rxc4 Kxg3 55. Rc3+ Kxf4 56. Rc4+ Kg3 57. Rc3+ Kg4 58. Rc4+ f4 59. Rc3 Ra2 60. Rb3 h4 61. Rc3 h3 62. Rb3 f3 63. Rb8 h2+ 64. Kh1 Kg3 65. Rg8+ Kf2 66. Kxh2 Ke1+ 67. Kg3 Rg2+ 0-1

[Event "Oberliga Bayern 0607"]
[Site "Bayern"]
[Date "2007.04.22"]
[Round "9.7"]
[White "Link, Ulrich"]
[Black "Just, Hannes"]
[Result "1-0"]
[WhiteElo "2099"]
[BlackElo "2123"]
[PlyCount "51"]
[EventDate "2006.10.15"]
[EventType "team-tourn"]
[EventRounds "9"]
[EventCountry "GER"]
[SourceTitle "EXT 2008"]
[Source "ChessBase"]
[SourceDate "2007.11.25"]
[SourceVersion "1"]
[SourceVersionDate "2007.11.25"]
[SourceQuality "1"]
[WhiteTeam "Krumbach"]
[BlackTeam "Nuernberg NT"]
[WhiteTeamCountry "GER"]
[BlackTeamCountry "GER"]

1. d4 Nf6 2. Nf3 c5 3. d5 b5 4. a4 Bb7 5. e4 Nxe4 6. axb5 g6 7. c4 Bg7 8. Bd3 Nd6 9. Nc3 a6 10. Bf4 Nc8 11. Qd2 d6 12. Bh6 0-0 13. h4 e6 14. h5 exd5 15. Bxg7 Kxg7 16. Nxd5 Bxd5 17. cxd5 Ra7 18. hxg6 Re8+ 19. Kf1 fxg6 20. Qh6+ Kh8 21. Bxg6 Ree7 22. Ng5 Qg8 23. Bxh7 Qg7 24. Qh5 Qxb2 25. Bf5+ Kg7 26. Qh8# 1-0

[Event "Oberliga Bayern 0506"]
[Site "Bayern"]
[Date "2005.10.23"]
[Round "1.4"]
[White "Link, Ulrich"]
[Black "Meier, Volker"]
[Result "1/2-1/2"]
[WhiteElo "2121"]
[BlackElo "2230"]
[PlyCount "92"]
[EventDate "2005.10.23"]
[EventType "team-tourn"]
[EventRounds "9"]
[EventCountry "GER"]
[SourceTitle "EXT 2007"]
[Source "ChessBase"]
[SourceDate "2006.11.23"]
[SourceVersion "1"]
[SourceVersionDate "2006.11.23"]
[SourceQuality "1"]
[WhiteTeam "Krumbach"]
[BlackTeam "Muenchen Tarrasch"]
[WhiteTeamCountry "GER"]
[BlackTeamCountry "GER"]

1. d4 Nf6 2. Nf3 e6 3. Bg5 c5 4. c3 Qb6 5. Qb3 Nc6 6. Na3 Qxb3 7. axb3 cxd4 8. Nb5 Kd8 9. Nfxd4 a6 10. e3 d6 11. Be2 Bd7 12. 0-0 Be7 13. Rfd1 Nxd4 14. Rxd4 Bxb5 15. Bxb5 Kc7 16. Be2 h6 17. Rc4+ Kd7 18. Bxf6 Bxf6 19. Bf3 Rab8 20. Rb4 Kc7 21. Rc4+ Kd7 22. Rb4 Kc7 23. Bh5 Rhf8 24. Rf4 Rbd8 25. e4 Rd7 26. Rd1 Be5 27. Rf3 Kd8 28. g3 Ke7 29. Rfd3 g6 30. Be2 Rfd8 31. f4 Bg7 32. Bf3 h5 33. b4 Rc7 34. R1d2 b6 35. e5 d5 36. b3 a5 37. bxa5 bxa5 38. c4 f6 39. cxd5 exd5 40. e6 Kxe6 41. Bxd5+ Ke7 42. f5 gxf5 43. Re2+ Kf8 44. Rf2 h4 45. Rxf5 hxg3 46. hxg3 Re7 1/2-1/2

[Event "Oberliga Bayern 0405"]
[Site "Bayern"]
[Date "2005.03.13"]
[Round "8.8"]
[White "Link, Ulrich"]
[Black "Fiedler, Wolfgang"]
[Result "1/2-1/2"]
[WhiteElo "2077"]
[BlackElo "1964"]
[PlyCount "72"]
[EventDate "2004.10.24"]
[EventType "team-tourn"]
[EventRounds "9"]
[EventCountry "GER"]
[SourceTitle "EXT 2020"]
[Source "ChessBase"]
[SourceDate "2019.10.17"]
[SourceVersion "1"]
[SourceVersionDate "2019.10.17"]
[SourceQuality "1"]
[WhiteTeam "Krumbach"]
[BlackTeam "Forchheim SC II"]
[WhiteTeamCountry "GER"]
[BlackTeamCountry "GER"]

1. d4 f5 2. Nc3 d5 3. f3 Nf6 4. Bg5 Nbd7 5. Qd3 e6 6. e4 fxe4 7. fxe4 Be7 8. Bxf6 Nxf6 9. e5 Nd7 10. Qh3 Nf8 11. Nf3 c6 12. Bd3 Kd7 13. 0-0 Kc7 14. Qg4 g6 15. h4 Bd7 16. Ne2 Be8 17. c4 Rc8 18. c5 Kb8 19. b4 Rg8 20. h5 g5 21. Rab1 b5 22. a4 a6 23. Ra1 Kb7 24. Nd2 Qd7 25. Nb3 Bd8 26. Ra2 Ra8 27. Nc3 Bc7 28. Rfa1 Rb8 29. axb5 axb5 30. Ra7+ Kc8 31. Qe2 Qf7 32. Rf1 Qxh5 33. Qa2 g4 34. Be2 Qh6 35. Qd2 Qxd2 36. Nxd2 h5 1/2-1/2

[Event "Oberliga Bayern 0405"]
[Site "Bayern"]
[Date "2005.02.13"]
[Round "7.7"]
[White "Link, Ulrich"]
[Black "Hiermann, Dietmar"]
[Result "1-0"]
[WhiteElo "2077"]
[BlackElo "2247"]
[PlyCount "107"]
[EventDate "2004.10.24"]
[EventType "team-tourn"]
[EventRounds "9"]
[EventCountry "GER"]
[SourceTitle "EXT 2020"]
[Source "ChessBase"]
[SourceDate "2019.10.17"]
[SourceVersion "1"]
[SourceVersionDate "2019.10.17"]
[SourceQuality "1"]
[WhiteTeam "Krumbach"]
[BlackTeam "Passau"]
[WhiteTeamCountry "GER"]
[BlackTeamCountry "GER"]

1. d4 Nf6 2. Nf3 g6 3. Nbd2 d5 4. e3 Bg7 5. Bd3 0-0 6. Rb1 Nbd7 7. b4 c6 8. 0-0 Qc7 9. Bb2 Nb6 10. Qc1 Na4 11. Ba1 b5 12. Nb3 Bf5 13. Ne5 Nd7 14. f4 f6 15. Bxf5 gxf5 16. Nxd7 Qxd7 17. Nc5 Nxc5 18. bxc5 Rf7 19. Qd1 Kh8 20. Qh5 e6 21. Bc3 Rg8 22. Be1 Bf8 23. Bh4 Rg6 24. Qe2 Rg4 25. g3 Be7 26. h3 Rg8 27. Kh2 Rfg7 28. a4 a6 29. Ra1 e5 30. axb5 axb5 31. Qh5 Bd8 32. Ra8 exd4 33. exd4 Qe6 34. Rf2 Qe3 35. Re2 Rxg3 36. Bxf6+ Bxf6 37. Rxg8+ Kxg8 38. Rxe3 Rxe3 39. Qxf5 Bxd4 40. Qc8+ Kg7 41. Qd7+ Kf8 42. Qd6+ Kg7 43. Qd7+ Kf8 44. Qxc6 Re2+ 45. Kg3 Rxc2 46. Qh6+ Kg8 47. Qg5+ Kh8 48. Qd8+ Kg7 49. Qe7+ Kg8 50. Qg5+ Kh8 51. Qf5 Rc3+ 52. Kg4 Kg7 53. Qd7+ Kg8 54. Qxd5+ 1-0